Advance traveler information systems (Record no. 543311)
[ view plain ]
| 000 -LEADER | |
|---|---|
| fixed length control field | 00398nam a22001337a 4500 |
| 020 ## - INTERNATIONAL STANDARD BOOK NUMBER | |
| International Standard Book Number | 1-58053-133-4 |
| 082 ## - DEWEY DECIMAL CLASSIFICATION NUMBER | |
| Classification number | 388.3124 |
| Author Mark | MCQ |
| -- | N-01,P-95 |
| 100 ## - MAIN ENTRY--PERSONAL NAME | |
| Personal name | Mcqueen, Bob. |
| 9 (RLIN) | 38482 |
| 245 ## - TITLE STATEMENT | |
| Title | Advance traveler information systems |
| Statement of responsibility, etc. | Mcqueen, Bob. |
| 260 ## - PUBLICATION, DISTRIBUTION, ETC. | |
| Place of publication, distribution, etc. | Norwood.; |
| Name of publisher, distributor, etc. | Artech House |
| Date of publication, distribution, etc. | 2002 |
| 300 ## - PHYSICAL DESCRIPTION | |
| Extent | xiii, 241 p, : |
| Other physical details | ill, : |
| Dimensions | 20 Cm |
| 526 ## - STUDY PROGRAM INFORMATION NOTE | |
| Program name | 0 |
| Interest level | 0 |
| Reading level | 0 |
| Title point value | 388_312400000000000_MCQ |
| 942 ## - ADDED ENTRY ELEMENTS (KOHA) | |
| Source of classification or shelving scheme | |
| Koha item type | Book |
| Withdrawn status | Lost status | Source of classification or shelving scheme | Damaged status | Not for loan | Permanent Location | Current Location | Date acquired | Total Checkouts | Full call number | Barcode | Date last seen | Price effective from | Koha item type |
|---|---|---|---|---|---|---|---|---|---|---|---|---|---|
| Military College of Engineering (MCE) | Military College of Engineering (MCE) | 03/20/2014 | 388.3124 MCQ | MCE-36384 | 03/20/2014 | 03/20/2014 | Book |
